000 01834nam a2200349 a 4500
001 BRCA_5021
005 20190320204916.0
008 011110s1769----mx-######v---#000-0#spa-#
041 _aspa
044 _amx
084 _aDOC78
_b.B67
_c1769
100 1 _aBorda, José de la
_912805
245 1 0 _aDocumento propiedad de Don José de la Borda y Don Manuel de la Borda
_cJosé de la Borda ... [et al].
260 _aMéxico
_c1769
300 _a[25] fojas
_c31 x 21 cm.
500 _aDocumento firmado el 1 de agosto de 1769.
500 _aDocumento propiedad de Don José de la Borda y Don Manuel de la Borda, que certifica los autos de concurso de acreedores presentados para los bienes y haciendas del Capitán Don Gaspar García de Rivero y su mujer Doña Clara Martínez de la Piñuela, a favor de Doña María Josefa de Oviedo. Firmado por Don Antonio Rodríguez Moreno, escribano público y notario, Oficial Mayor Interino de Secuestros del Santo Oficio de la Inquisición y de la Hacienda del Real Fisco.
500 _aEl documento contiene la leyenda DOC. #238.
500 _aEstado de conservación: contiene lagunas en la parte inferior y manchas en gran parte del documento.
_3Manuscrito
506 0 _aFondo Reservado. Para su consulta es necesario credencial de usuario y carta de motivos.
546 _aTexto en: Español de mediados del siglo XVIII.
600 1 4 _aBorda, José de la
_xHistoria
_912767
650 1 4 _aDocumentos legales
_vManuscritos
_912806
651 4 _aMéxico
_xHistoria
_yColonia, 1521-1821
_912461
700 1 _aBorda, Manuel de la
_912807
700 1 _aRodríguez, Moreno Antonio
_cEscribano
_912808
700 1 _aGarcía de Rivero, Gaspar
_912809
700 1 _aMartínez de la Piñuela, Clara
_912810
700 1 _aOviedo, María Josefa de
_912811
902 _aFDH
942 _2lcc
_cD
999 _c4715
_d4715